[Event "Santiago Endesa 13"]
[Site "Santiago de Chile"]
[Date "2008.09.03"]
[Round "8"]
[White "Mundaca Alvarez, Juan Carlos"]
[Black "Carmona Rosales, Jose Luis"]
[Result "1-0"]
[WhiteElo "2162"]
[BlackElo "2191"]
[PlyCount "65"]
[EventDate "2008.08.18"]
[EventType "tourn"]
[EventRounds "9"]
[EventCountry "CHI"]
[SourceTitle "EXT 2012"]
[Source "ChessBase"]
[SourceDate "2011.11.24"]
[SourceVersion "1"]
[SourceVersionDate "2011.11.24"]
[SourceQuality "1"]

1. Nf3 Nf6 2. d4 e6 3. Bg5 c5 4. c3 Qb6 5. Qc2 Nc6 6. e3 d6 7. Nbd2 e5 8. dxe5 dxe5 9. Bc4 Bd6 10. Rd1 Qc7 11. 0-0 Bg4 12. e4 h6 13. Be3 0-0 14. h3 Bh5 15. g4 Bg6 16. Nh4 Kh8 17. Nf5 Be7 18. Rfe1 Bxf5 19. gxf5 Nh5 20. Nf1 Nf4 21. Kh2 b6 22. Ng3 g6 23. Rd2 Rad8 24. Red1 Bd6 25. Ne2 Qe7 26. Ng3 Bc7 27. Qa4 Qf6 28. Bb5 Na5 29. Bf1 Qh4 30. Rxd8 Rxd8 31. Rxd8+ Bxd8 32. Qe8+ Kg7 33. Qxe5+ 1-0